000 00577nam a2200193Ia 4500
005 20250508155346.0
008 008 250505s9999 xx 000 0 eng d
037 _aTextual
040 _aFEDL
_beng
_cFEDL
041 _aeng
_2eng
084 _a304.6, WOY
_qFEDL
100 _aWoytinsky W.S.
_9766903
245 0 _aWorld population and production : Trends and outlook
260 _aNew York, USA
_bThe Twentieth Century Fund
_c1953
300 _alxxii,1268p.
700 _a Woytinsky E.S.
_9766904
942 _cTEXL
_h304.6, WOY
999 _c1356277
_d1356277